Pocta Jánovi Halašovi

Bibliographic Details
Main Author: Dobiáš, Rudolf, 1934- (Author)
Format: Article
Language:Slovak
PhysicalDescription:Obr. 1
Subjects:

MARC

LEADER 00000nab a2200000 a 4500
001 vtls000498111
003 SK-MaSNL
005 20260305000858.0
008 160216c1993 xo 0 slo
015 |a SNBRB19rr/mm-uuuuu 
035 |a CL0498249 
040 |a SNKBUCL  |b slo  |c SNKBUCL  |e AACR2 
041 0 |a slo 
044 |a xo  |c SK 
080 |a 77.04-051  |2 1981 
080 |a 929 Halaša, Ján  |2 1981 
100 1 |a Dobiáš, Rudolf,  |d 1934-  |4 aut  |9 218831 
245 1 0 |a Pocta Jánovi Halašovi  |c Rudolf Dobiáš 
300 |b Obr. 1 
600 1 7 |a Halaša, Ján,  |d 1893-1981  |2 snkbucl  |9 100468 
655 7 |a články z novín a časopisov  |2 snkbucl  |9 267496 
773 0 |t Slovenský denník  |g Roč. 4, č. 240 (14. 10. 1993), s. 4 
850 |a Slovenská národná knižnica v Martine  |a MTA001 
852 |a SNK  |b KIS3GCP 
958 |a BX 
958 |a RK 
992 |a RBX 
999 |c 3215949  |d 3217879